• 首页
  • 本馆介绍
  • 公告通知
  • 最新文献
  • 馆藏检索
  • 电子资源
  • 读者导购
  • 参考咨询
  • 我的图书馆
  • 登录
  • 详细信息显示
  • 放入我的书架
  • 预约/预借图书
  • 作者相关作品
  • 分类相关作品
  • 丛书相关作品
  • 出版社相关作品

书目信息

  • 表格格式
  • 工作单格式
  • 卡片格式
题名:
化工安全与环境保护
    
 
作者: 王德堂 , 何伟平 主编
分册:  
出版信息: 北京   化学工业出版社  2015.9
页数: 525页
开本: 26cm
丛书名:
单 册:
中图分类: TQ086 , X78
科图分类:
主题词: 化工安全--高等职业教育--教材 , 化学工业--环境保护--高等职业教育--教材
电子资源:
ISBN: 978-7-122-24760-5
000 01340nam0 2200289 450
001 0400004395
005 20171026095149.82
010    @a978-7-122-24760-5@dCNY59.80
100    @a20151101e20172015em y0chiy50 ea
101 0  @achi
102    @aCN@b110000
105    @aa z 000yy
106    @ar
200 1  @a化工安全与环境保护@9hua gong an quan yu huan jing bao hu@f王德堂,何伟平主编
205    @a第2版
210    @a北京@c化学工业出版社@d2015.9@h2017.5
215    @a525页@c图@d26cm
300    @a“十二五”职业教育国家规划教材 安全技术系列
330    @a本书按照化工安全、环境保护的顺序,分化工安全生产技术、环境保护、危险化学品职业危害与卫生防护三篇。化工安全生产技术篇介绍了化学反应、化工单元操作、特种设备、防火防爆和电气安全、装置维修与运行、安全评价、安全管理等安全控制技术;环境保护篇介绍了化工“三废”和物理性污染的综合治理技术;危险化学品职业危害与卫生防护篇介绍了危险化学品应急救援和职业接触性毒物防护方法,列举了具体的应用实例,对化工生产过程中的问题提出了具体的安全措施,简要介绍了安全生产的工作程序、操作方法和控制技术。
606 0  @a化工安全@x高等职业教育@j教材
606 0  @a化学工业@x环境保护@x高等职业教育@j教材
690    @aTQ086@v5
690    @aX78@v5
701  0 @a王德堂@9wang de tang@4主编
701  0 @a何伟平@9he wei ping@4主编
801  0 @aCN@b91MARC@c20171023
905    @b1034646-50@dTQ086@f5@e428=2
    
    化工安全与环境保护/王德堂,何伟平主编.-第2版.-北京:化学工业出版社,2015.9(2017.5)
    525页:图;26cm
    “十二五”职业教育国家规划教材 安全技术系列
    
    ISBN 978-7-122-24760-5:CNY59.80
    本书按照化工安全、环境保护的顺序,分化工安全生产技术、环境保护、危险化学品职业危害与卫生防护三篇。化工安全生产技术篇介绍了化学反应、化工单元操作、特种设备、防火防爆和电气安全、装置维修与运行、安全评价、安全管理等安全控制技术;环境保护篇介绍了化工“三废”和物理性污染的综合治理技术;危险化学品职业危害与卫生防护篇介绍了危险化学品应急救援和职业接触性毒物防护方法,列举了具体的应用实例,对化工生产过程中的问题提出了具体的安全措施,简要介绍了安全生产的工作程序、操作方法和控制技术。
●
相关链接 在E读中查询图书 在五车中查询图书 在当当中查询图书 在豆瓣中查询图书


正题名:化工安全与环境保护     索取号:TQ086/428=2         预约/预借

序号 登录号 条形码 馆藏地/架位号 状态 备注
1 1034646   210346464   第二样本阅览室/ [索取号:TQ086/428=2] 在馆    
2 1034647   210346473   密集书库-化学系/ [索取号:TQ086/428=2] 在馆    
3 1034648   210346482   第三借阅区/ [索取号:TQ086/428=2] 在馆    
4 1034649   210346491   第三借阅区/ [索取号:TQ086/428=2] 在馆    
5 1034650   210346507   第三借阅区/ [索取号:TQ086/428=2] 在馆    
唐山师范学院图书馆 欢迎您!
大连网信软件有限公司© 版权所有